000 00688 #a2200253 #4500
001 BNM000809
005 20151204140812.0
008 aespañol
020 _a987-558-039-2
040 _aAR-C50180D0
100 _aSabato, Hilda
245 _aLa política en las calles
_bentre el voto y la movilización Buenos Aires, 1862-1880
_cHilda Sabato
250 _a1a.ed.
260 _aBernal
_bUniversidad Nacional de Quilmes
_c2004
300 _a352 p.
440 _aIntersecciones
650 _aELECCIONES
650 _aSISTEMA ELECTORAL
651 _aBUENOS AIRES
800 _aAltamirano, Carlos
942 _2ddc
_cLIBRO
999 _c1605
_d1605